[Event "ODJM B 2024"]
[Site "Willingen GER"]
[Date "2024.05.21"]
[Round "4"]
[White "Rodriguez, Philipp"]
[Black "Menke, Raphael Wilhelm"]
[Result "0-1"]
[Termination "normal"]
[Board "18"]
[WhiteElo "1663"]
[BlackElo "1776"]
[WhiteClock "00:04:12"]
[BlackClock "00:53:16"]
[PlyCount "86"]
[WhiteFideId "34659170"]
[BlackFideId "34621008"]
[EventCountry "GER"]
[EventRounds "9"]
[EventType "swiss"]
[EventDate "2024.05.18"]

1. e4 {[%clk 01:30:50]} {[%emt 00:00:09]} e5 {[%clk 01:30:59]} {[%emt
00:00:02]} 2. Nf3 {[%clk 01:31:09]} {[%emt 00:00:11]} Nc6 {[%clk 01:31:24]}
{[%emt 00:00:05]} 3. Bb5 {[%clk 01:31:23]} {[%emt 00:00:16]} a6 {[%clk
01:31:48]} {[%emt 00:00:07]} 4. Ba4 {[%clk 01:31:47]} {[%emt 00:00:05]} Nf6
{[%clk 01:32:12]} {[%emt 00:00:07]} 5. O-O {[%clk 01:32:08]} {[%emt 00:00:08]}
Be7 {[%clk 01:32:28]} {[%emt 00:00:13]} 6. Re1 {[%clk 01:32:31]} {[%emt
00:00:09]} b5 {[%clk 01:32:52]} {[%emt 00:00:06]} 7. Bb3 {[%clk 01:32:56]}
{[%emt 00:00:05]} O-O {[%clk 01:33:14]} {[%emt 00:00:08]} 8. c3 {[%clk
01:33:19]} {[%emt 00:00:06]} d5 {[%clk 01:33:07]} {[%emt 00:00:38]} 9. exd5
{[%clk 01:33:44]} {[%emt 00:00:05]} Nxd5 {[%clk 01:33:31]} {[%emt 00:00:06]}
10. Nxe5 {[%clk 01:34:09]} {[%emt 00:00:05]} Nxe5 {[%clk 01:33:54]} {[%emt
00:00:07]} 11. Rxe5 {[%clk 01:34:33]} {[%emt 00:00:05]} c6 {[%clk 01:34:16]}
{[%emt 00:00:08]} 12. d3 {[%clk 01:34:58]} {[%emt 00:00:05]} Bd6 {[%clk
01:33:38]} {[%emt 00:01:09]} 13. Re1 {[%clk 01:35:23]} {[%emt 00:00:05]} Qh4
{[%clk 01:33:30]} {[%emt 00:00:38]} 14. g3 {[%clk 01:35:47]} {[%emt 00:00:06]}
Qh3 {[%clk 01:33:52]} {[%emt 00:00:08]} 15. Re4 {[%clk 01:36:11]} {[%emt
00:00:06]} Nf6 {[%clk 01:29:47]} {[%emt 00:04:34]} 16. Rh4 {[%clk 01:35:25]}
{[%emt 00:01:15]} Qf5 {[%clk 01:26:30]} {[%emt 00:03:47]} 17. Nd2 {[%clk
01:30:26]} {[%emt 00:05:31]} Ng4 {[%clk 01:16:30]} {[%emt 00:10:30]} 18. Ne4
{[%clk 01:11:14]} {[%emt 00:19:42]} Be7 {[%clk 01:12:15]} {[%emt 00:04:45]} 19.
Rxg4 {[%clk 01:10:16]} {[%emt 00:01:27]} Qxg4 {[%clk 01:12:32]} {[%emt
00:00:13]} 20. Qxg4 {[%clk 01:10:37]} {[%emt 00:00:09]} Bxg4 {[%clk 01:12:58]}
{[%emt 00:00:05]} 21. d4 {[%clk 01:02:18]} {[%emt 00:08:48]} h6 {[%clk
01:11:01]} {[%emt 00:02:27]} 22. Bf4 {[%clk 00:55:46]} {[%emt 00:07:02]} Rfe8
{[%clk 01:08:41]} {[%emt 00:02:49]} 23. a4 {[%clk 00:46:46]} {[%emt 00:09:32]}
Bf3 {[%clk 01:07:22]} {[%emt 00:01:48]} 24. Re1 {[%clk 00:38:51]} {[%emt
00:08:24]} Bf8 {[%clk 01:04:24]} {[%emt 00:03:29]} 25. Be5 {[%clk 00:37:59]}
{[%emt 00:01:22]} bxa4 {[%clk 01:04:36]} {[%emt 00:00:19]} 26. Bc4 {[%clk
00:35:39]} {[%emt 00:02:49]} Bxe4 {[%clk 01:02:20]} {[%emt 00:02:46]} 27. Rxe4
{[%clk 00:35:33]} {[%emt 00:00:36]} Bd6 {[%clk 01:02:03]} {[%emt 00:00:47]} 28.
Rf4 {[%clk 00:24:15]} {[%emt 00:11:47]} Bxe5 {[%clk 00:56:36]} {[%emt
00:05:57]} 29. dxe5 {[%clk 00:23:22]} {[%emt 00:01:25]} Rxe5 {[%clk 00:56:05]}
{[%emt 00:01:01]} 30. Rxf7 {[%clk 00:23:39]} {[%emt 00:00:12]} Kh8 {[%clk
00:56:17]} {[%emt 00:00:18]} 31. Rc7 {[%clk 00:23:02]} {[%emt 00:01:07]} Rc5
{[%clk 00:56:17]} {[%emt 00:00:28]} 32. Bd3 {[%clk 00:22:09]} {[%emt 00:01:25]}
a3 {[%clk 00:56:09]} {[%emt 00:00:38]} 33. bxa3 {[%clk 00:22:00]} {[%emt
00:00:39]} Rxc3 {[%clk 00:56:29]} {[%emt 00:00:10]} 34. Be4 {[%clk 00:21:50]}
{[%emt 00:00:41]} Rxa3 {[%clk 00:56:36]} {[%emt 00:00:22]} 35. Rxc6 {[%clk
00:20:27]} {[%emt 00:01:53]} Rf8 {[%clk 00:55:25]} {[%emt 00:01:41]} 36. Rc7
{[%clk 00:16:26]} {[%emt 00:04:32]} Ra2 {[%clk 00:54:48]} {[%emt 00:01:04]} 37.
Ra7 {[%clk 00:16:10]} {[%emt 00:00:49]} a5 {[%clk 00:53:35]} {[%emt 00:01:42]}
38. Bc6 {[%clk 00:11:07]} {[%emt 00:05:33]} g6 {[%clk 00:51:59]} {[%emt
00:02:06]} 39. f3 {[%clk 00:10:18]} {[%emt 00:01:19]} Rd8 {[%clk 00:51:36]}
{[%emt 00:00:53]} 40. Rd7 {[%clk 00:05:17]} {[%emt 00:05:31]} Rxd7 {[%clk
00:52:02]} {[%emt 00:00:05]} 41. Bxd7 {[%clk 00:05:39]} {[%emt 00:00:07]} a4
{[%clk 00:52:30]} {[%emt 00:00:03]} 42. Kf1 {[%clk 00:04:31]} {[%emt 00:01:37]}
a3 {[%clk 00:52:54]} {[%emt 00:00:07]} 43. Be6 {[%clk 00:04:12]} {[%emt
00:00:49]} Rxh2 {[%clk 00:53:16]} {[%emt 00:00:08]} 0-1

[Event "ODJM B 2024"]
[Site "Willingen GER"]
[Date "2024.05.21"]
[Round "4"]
[White "Tomi, Emilian"]
[Black "Er, Sadik Bugra"]
[Result "1/2-1/2"]
[Termination "normal"]
[Board "19"]
[WhiteElo "1649"]
[BlackElo "1688"]
[WhiteClock "00:35:09"]
[BlackClock "00:12:16"]
[PlyCount "43"]
[WhiteFideId "34651829"]
[BlackFideId "34660410"]
[EventCountry "GER"]
[EventRounds "9"]
[EventType "swiss"]
[EventDate "2024.05.18"]

1. e4 {[%clk 01:30:58]} {[%emt 00:00:02]} e5 {[%clk 01:30:34]} {[%emt
00:00:26]} 2. Nf3 {[%clk 01:31:24]} {[%emt 00:00:04]} Nc6 {[%clk 01:30:50]}
{[%emt 00:00:13]} 3. Bc4 {[%clk 01:31:49]} {[%emt 00:00:07]} Nf6 {[%clk
01:31:06]} {[%emt 00:00:14]} 4. Ng5 {[%clk 01:29:02]} {[%emt 00:03:16]} d5
{[%clk 01:31:21]} {[%emt 00:00:15]} 5. exd5 {[%clk 01:29:28]} {[%emt 00:00:04]}
b5 {[%clk 01:31:25]} {[%emt 00:00:25]} 6. Bf1 {[%clk 01:28:55]} {[%emt
00:01:04]} Nxd5 {[%clk 01:31:34]} {[%emt 00:00:21]} 7. Bxb5 {[%clk 01:28:32]}
{[%emt 00:00:54]} Ndb4 {[%clk 01:31:35]} {[%emt 00:00:29]} 8. Qf3 {[%clk
01:11:47]} {[%emt 00:17:15]} Qd7 {[%clk 01:16:42]} {[%emt 00:15:23]} 9. O-O
{[%clk 00:57:00]} {[%emt 00:15:16]} f6 {[%clk 01:03:59]} {[%emt 00:13:13]} 10.
a3 {[%clk 00:56:11]} {[%emt 00:01:20]} Ba6 {[%clk 01:03:13]} {[%emt 00:01:16]}
11. Ba4 {[%emt 00:09:11]} Nd5 {[%clk 00:48:11]} {[%emt 00:15:31]} 12. Nc3
{[%clk 00:46:08]} {[%emt 00:01:53]} Bxf1 {[%clk 00:47:33]} {[%emt 00:01:07]}
13. Kxf1 {[%clk 00:46:12]} {[%emt 00:00:26]} Nde7 {[%clk 00:41:35]} {[%emt
00:06:29]} 14. Nge4 {[%clk 00:41:36]} {[%emt 00:05:06]} f5 {[%clk 00:40:35]}
{[%emt 00:01:29]} 15. Nc5 {[%clk 00:41:05]} {[%emt 00:01:01]} e4 {[%clk
00:39:31]} {[%emt 00:01:34]} 16. Qe2 {[%clk 00:39:40]} {[%emt 00:01:55]} Qd6
{[%clk 00:36:53]} {[%emt 00:03:07]} 17. b4 {[%clk 00:37:46]} {[%emt 00:02:26]}
Qxh2 {[%clk 00:29:07]} {[%emt 00:08:15]} 18. Qa6 {[%clk 00:36:35]} {[%emt
00:01:41]} Qh1+ {[%clk 00:17:50]} {[%emt 00:11:47]} 19. Ke2 {[%clk 00:35:29]}
{[%emt 00:01:37]} Qh5+ {[%clk 00:18:10]} {[%emt 00:00:08]} 20. Ke1 {[%clk
00:34:47]} {[%emt 00:01:11]} Qh1+ {[%clk 00:12:28]} {[%emt 00:06:12]} 21. Ke2
{[%clk 00:35:09]} {[%emt 00:00:09]} Qh5+ {[%clk 00:12:16]} {[%emt 00:00:42]}
22. Ke1 {[%emt 00:14:55]} 1/2-1/2

[Event "ODJM B 2024"]
[Site "Willingen GER"]
[Date "2024.05.21"]
[Round "4"]
[White "Wilmink, Luca"]
[Black "Malan, Jan-Willem"]
[Result "0-1"]
[Termination "normal"]
[Board "20"]
[WhiteElo "1737"]
[BlackElo "1664"]
[WhiteClock "00:40:52"]
[BlackClock "00:57:19"]
[PlyCount "106"]
[WhiteFideId "16245253"]
[BlackFideId "34624260"]
[EventCountry "GER"]
[EventRounds "9"]
[EventType "swiss"]
[EventDate "2024.05.18"]

1. e4 {[%clk 01:30:57]} {[%emt 00:00:03]} c5 {[%clk 01:30:43]} {[%emt
00:00:19]} 2. Nf3 {[%clk 01:30:47]} {[%emt 00:00:39]} Nc6 {[%clk 01:30:57]}
{[%emt 00:00:16]} 3. d4 {[%clk 01:30:44]} {[%emt 00:00:33]} cxd4 {[%clk
01:31:15]} {[%emt 00:00:12]} 4. Nxd4 {[%clk 01:29:58]} {[%emt 00:01:15]} g6
{[%clk 01:31:24]} {[%emt 00:00:22]} 5. Be3 {[%clk 01:28:46]} {[%emt 00:01:41]}
Bg7 {[%clk 01:29:54]} {[%emt 00:02:01]} 6. Nc3 {[%clk 01:27:35]} {[%emt
00:01:40]} d6 {[%clk 01:28:34]} {[%emt 00:01:51]} 7. Be2 {[%clk 01:26:30]}
{[%emt 00:01:35]} Nf6 {[%clk 01:27:50]} {[%emt 00:01:15]} 8. Qd2 {[%clk
01:26:00]} {[%emt 00:00:59]} O-O {[%clk 01:27:23]} {[%emt 00:00:57]} 9. Nxc6
{[%clk 01:23:18]} {[%emt 00:03:12]} bxc6 {[%clk 01:27:36]} {[%emt 00:00:17]}
10. Bh6 {[%clk 01:20:56]} {[%emt 00:02:52]} Rb8 {[%clk 01:25:33]} {[%emt
00:02:34]} 11. h4 {[%clk 01:19:08]} {[%emt 00:02:17]} Rxb2 {[%clk 01:21:33]}
{[%emt 00:04:30]} 12. Bxg7 {[%clk 01:15:15]} {[%emt 00:04:22]} Kxg7 {[%clk
01:20:48]} {[%emt 00:01:16]} 13. Na4 {[%clk 01:12:08]} {[%emt 00:03:36]} Rb8
{[%clk 01:19:28]} {[%emt 00:01:50]} 14. Qc3 {[%clk 01:00:16]} {[%emt 00:12:22]}
e5 {[%clk 01:15:47]} {[%emt 00:04:12]} 15. Qe3 {[%clk 00:58:36]} {[%emt
00:02:08]} Qa5+ {[%clk 01:13:33]} {[%emt 00:02:46]} 16. Nc3 {[%clk 00:57:11]}
{[%emt 00:01:55]} Qb6 {[%clk 01:10:15]} {[%emt 00:03:48]} 17. Qd2 {[%clk
00:53:18]} {[%emt 00:04:21]} Qd4 {[%clk 01:07:54]} {[%emt 00:02:52]} 18. Rd1
{[%clk 00:52:21]} {[%emt 00:01:27]} Qxd2+ {[%clk 01:06:57]} {[%emt 00:01:28]}
19. Rxd2 {[%clk 00:52:39]} {[%emt 00:00:11]} Rd8 {[%clk 01:06:58]} {[%emt
00:00:30]} 20. O-O {[%clk 00:51:35]} {[%emt 00:01:34]} d5 {[%clk 01:06:35]}
{[%emt 00:00:53]} 21. exd5 {[%clk 00:49:23]} {[%emt 00:02:42]} cxd5 {[%clk
01:06:52]} {[%emt 00:00:13]} 22. Rfd1 {[%clk 00:47:29]} {[%emt 00:02:24]} d4
{[%clk 01:05:42]} {[%emt 00:01:41]} 23. Nb1 {[%clk 00:46:52]} {[%emt 00:01:05]}
Ne4 {[%clk 01:05:30]} {[%emt 00:00:42]} 24. Rd3 {[%clk 00:43:40]} {[%emt
00:03:43]} Ba6 {[%clk 01:04:47]} {[%emt 00:01:14]} 25. Rb3 {[%clk 00:43:54]}
{[%emt 00:00:15]} Bxe2 {[%clk 01:03:27]} {[%emt 00:01:50]} 26. Re1 {[%clk
00:44:15]} {[%emt 00:00:08]} Nc5 {[%clk 01:02:39]} {[%emt 00:01:19]} 27. Rxe2
{[%clk 00:43:35]} {[%emt 00:01:09]} Nxb3 {[%clk 01:03:01]} {[%emt 00:00:09]}
28. axb3 {[%clk 00:43:52]} {[%emt 00:00:12]} f6 {[%clk 01:02:24]} {[%emt
00:01:07]} 29. Nd2 {[%clk 00:42:58]} {[%emt 00:01:23]} d3 {[%clk 01:01:46]}
{[%emt 00:01:10]} 30. cxd3 {[%clk 00:43:07]} {[%emt 00:00:21]} Rxd3 {[%clk
01:01:59]} {[%emt 00:00:17]} 31. Kh2 {[%clk 00:42:21]} {[%emt 00:01:16]} Rbd8
{[%clk 01:01:53]} {[%emt 00:00:36]} 32. Ne4 {[%clk 00:42:23]} {[%emt 00:00:28]}
Rxb3 {[%clk 01:01:39]} {[%emt 00:00:44]} 33. Nc5 {[%clk 00:42:40]} {[%emt
00:00:12]} Rb6 {[%clk 01:02:01]} {[%emt 00:00:09]} 34. Ra2 {[%clk 00:42:53]}
{[%emt 00:00:16]} Ra8 {[%clk 01:00:30]} {[%emt 00:02:01]} 35. Kg3 {[%clk
00:42:09]} {[%emt 00:01:14]} a5 {[%clk 00:59:03]} {[%emt 00:01:58]} 36. Kf3
{[%clk 00:42:06]} {[%emt 00:00:33]} a4 {[%clk 00:58:57]} {[%emt 00:00:36]} 37.
Rxa4 {[%clk 00:41:31]} {[%emt 00:01:05]} Rxa4 {[%clk 00:59:03]} {[%emt
00:00:23]} 38. Nxa4 {[%clk 00:41:57]} {[%emt 00:00:05]} Rb4 {[%clk 00:58:56]}
{[%emt 00:00:37]} 39. Nc5 {[%clk 00:42:06]} {[%emt 00:00:19]} Rxh4 {[%clk
00:59:11]} {[%emt 00:00:16]} 40. g3 {[%clk 00:41:20]} {[%emt 00:01:16]} Rc4
{[%clk 00:59:11]} {[%emt 00:00:31]} 41. Ne4 {[%clk 00:41:00]} {[%emt 00:00:49]}
Rxe4 {[%clk 00:58:10]} {[%emt 00:01:32]} 42. Kxe4 {[%clk 00:41:19]} {[%emt
00:00:11]} Kf7 {[%clk 00:58:32]} {[%emt 00:00:09]} 43. Kd5 {[%clk 00:41:29]}
{[%emt 00:00:18]} Ke7 {[%clk 00:58:36]} {[%emt 00:00:26]} 44. g4 {[%clk
00:41:19]} {[%emt 00:00:40]} h6 {[%clk 00:57:13]} {[%emt 00:01:53]} 45. f3
{[%clk 00:41:17]} {[%emt 00:00:33]} Kd7 {[%clk 00:57:26]} {[%emt 00:00:17]} 46.
Ke4 {[%clk 00:40:18]} {[%emt 00:01:29]} Ke6 {[%clk 00:56:11]} {[%emt 00:01:45]}
47. f4 {[%clk 00:39:38]} {[%emt 00:01:09]} exf4 {[%clk 00:56:22]} {[%emt
00:00:20]} 48. Kxf4 {[%clk 00:40:01]} {[%emt 00:00:07]} Kd5 {[%clk 00:56:35]}
{[%emt 00:00:17]} 49. Kf3 {[%clk 00:40:03]} {[%emt 00:00:27]} Ke5 {[%clk
00:56:37]} {[%emt 00:00:28]} 50. Ke3 {[%clk 00:40:22]} {[%emt 00:00:11]} g5
{[%clk 00:56:49]} {[%emt 00:00:18]} 51. Kf3 {[%clk 00:40:36]} {[%emt 00:00:17]}
Kd4 {[%clk 00:57:06]} {[%emt 00:00:13]} 52. Kf2 {[%clk 00:40:33]} {[%emt
00:00:32]} Ke4 {[%clk 00:57:19]} {[%emt 00:00:17]} 53. Kg3 {[%clk 00:40:52]}
{[%emt 00:00:11]} Ke3 {[%emt 00:00:54]} 0-1

[Event "ODJM B 2024"]
[Site "Willingen GER"]
[Date "2024.05.21"]
[Round "4"]
[White "Grunert, Heinrich"]
[Black "Kelembet, Artem"]
[Result "1/2-1/2"]
[Termination "normal"]
[Board "21"]
[WhiteElo "1668"]
[BlackElo "1654"]
[WhiteClock "00:35:45"]
[BlackClock "00:16:30"]
[PlyCount "77"]
[WhiteFideId "16213416"]
[BlackFideId "34684727"]
[EventCountry "GER"]
[EventRounds "9"]
[EventType "swiss"]
[EventDate "2024.05.18"]

1. e4 {[%clk 01:30:58]} {[%emt 00:00:02]} e6 {[%clk 01:30:52]} {[%emt
00:00:08]} 2. d4 {[%clk 01:31:20]} {[%emt 00:00:08]} d5 {[%clk 01:31:19]}
{[%emt 00:00:04]} 3. Nd2 {[%clk 01:29:17]} {[%emt 00:02:32]} dxe4 {[%clk
01:31:42]} {[%emt 00:00:07]} 4. Nxe4 {[%clk 01:29:26]} {[%emt 00:00:21]} Bd7
{[%clk 01:32:09]} {[%emt 00:00:03]} 5. Nf3 {[%clk 01:28:48]} {[%emt 00:01:08]}
Bc6 {[%clk 01:32:35]} {[%emt 00:00:04]} 6. Bd3 {[%clk 01:26:32]} {[%emt
00:02:46]} Nd7 {[%clk 01:32:57]} {[%emt 00:00:08]} 7. O-O {[%clk 01:25:30]}
{[%emt 00:01:32]} Ngf6 {[%clk 01:33:16]} {[%emt 00:00:11]} 8. Re1 {[%clk
01:24:53]} {[%emt 00:01:06]} Nxe4 {[%clk 01:32:26]} {[%emt 00:01:20]} 9. Bxe4
{[%clk 01:25:05]} {[%emt 00:00:18]} Bxe4 {[%clk 01:32:50]} {[%emt 00:00:07]}
10. Rxe4 {[%clk 01:25:16]} {[%emt 00:00:19]} Nf6 {[%clk 01:32:57]} {[%emt
00:00:23]} 11. Bg5 {[%clk 01:18:02]} {[%emt 00:07:44]} Be7 {[%clk 01:32:14]}
{[%emt 00:01:12]} 12. Bxf6 {[%clk 01:14:34]} {[%emt 00:03:58]} Bxf6 {[%clk
01:32:37]} {[%emt 00:00:07]} 13. d5 {[%clk 01:14:03]} {[%emt 00:01:02]} O-O
{[%clk 01:26:20]} {[%emt 00:06:47]} 14. dxe6 {[%clk 01:13:17]} {[%emt
00:01:16]} fxe6 {[%clk 01:21:43]} {[%emt 00:05:07]} 15. Rxe6 {[%clk 01:11:39]}
{[%emt 00:02:08]} Bxb2 {[%clk 01:21:09]} {[%emt 00:01:04]} 16. Rb1 {[%clk
01:09:36]} {[%emt 00:02:33]} Qxd1+ {[%clk 01:21:27]} {[%emt 00:00:12]} 17. Rxd1
{[%clk 01:10:00]} {[%emt 00:00:05]} Ba3 {[%clk 01:15:31]} {[%emt 00:06:27]} 18.
Kf1 {[%clk 01:02:57]} {[%emt 00:07:33]} Rad8 {[%clk 01:08:48]} {[%emt
00:07:13]} 19. Ke2 {[%clk 01:00:06]} {[%emt 00:03:22]} Rxd1 {[%clk 01:03:53]}
{[%emt 00:05:25]} 20. Kxd1 {[%clk 01:00:29]} {[%emt 00:00:06]} Rd8+ {[%clk
01:03:11]} {[%emt 00:01:12]} 21. Ke2 {[%clk 01:00:08]} {[%emt 00:00:51]} Kf8
{[%clk 01:02:34]} {[%emt 00:01:07]} 22. Re3 {[%clk 00:58:54]} {[%emt 00:01:44]}
Bc5 {[%clk 00:57:23]} {[%emt 00:05:41]} 23. Re5 {[%clk 00:56:47]} {[%emt
00:02:37]} Bb6 {[%clk 00:54:44]} {[%emt 00:03:09]} 24. Ng5 {[%clk 00:52:52]}
{[%emt 00:04:25]} Kg8 {[%clk 00:54:35]} {[%emt 00:00:39]} 25. Re7 {[%clk
00:52:19]} {[%emt 00:01:02]} Rf8 {[%clk 00:51:24]} {[%emt 00:03:42]} 26. f3
{[%clk 00:50:34]} {[%emt 00:02:15]} h6 {[%clk 00:51:26]} {[%emt 00:00:27]} 27.
Ne6 {[%clk 00:45:57]} {[%emt 00:05:08]} Rf7 {[%clk 00:51:45]} {[%emt 00:00:12]}
28. Re8+ {[%clk 00:46:02]} {[%emt 00:00:24]} Kh7 {[%clk 00:50:11]} {[%emt
00:02:03]} 29. Nf8+ {[%clk 00:43:12]} {[%emt 00:03:21]} Kg8 {[%clk 00:48:30]}
{[%emt 00:02:11]} 30. Nd7+ {[%clk 00:40:21]} {[%emt 00:03:21]} Kh7 {[%clk
00:48:47]} {[%emt 00:00:12]} 31. Nxb6 {[%clk 00:39:28]} {[%emt 00:01:23]} axb6
{[%clk 00:49:06]} {[%emt 00:00:11]} 32. c4 {[%clk 00:38:37]} {[%emt 00:01:22]}
c6 {[%clk 00:48:51]} {[%emt 00:00:45]} 33. Re6 {[%clk 00:38:23]} {[%emt
00:00:43]} Rd7 {[%clk 00:48:58]} {[%emt 00:00:23]} 34. a3 {[%clk 00:36:59]}
{[%emt 00:01:55]} Kg8 {[%clk 00:45:50]} {[%emt 00:03:38]} 35. Re3 {[%clk
00:34:33]} {[%emt 00:02:55]} Rd4 {[%clk 00:43:44]} {[%emt 00:02:36]} 36. Re4
{[%clk 00:34:53]} {[%emt 00:00:11]} Rd7 {[%clk 00:43:30]} {[%emt 00:00:44]} 37.
Re3 {[%clk 00:34:58]} {[%emt 00:00:24]} Rd4 {[%clk 00:16:03]} {[%emt 00:27:58]}
38. Re4 {[%clk 00:35:21]} {[%emt 00:00:07]} Rd7 {[%clk 00:16:30]} {[%emt
00:00:03]} 39. Re3 {[%clk 00:35:45]} {[%emt 00:00:06]} 1/2-1/2

[Event "ODJM B 2024"]
[Site "Willingen GER"]
[Date "2024.05.21"]
[Round "4"]
[White "Beckmann, Jonathan"]
[Black "Hendler, Maximilian"]
[Result "1-0"]
[Termination "normal"]
[Board "22"]
[WhiteElo "1827"]
[BlackElo "1616"]
[WhiteClock "00:02:57"]
[BlackClock "00:16:34"]
[PlyCount "79"]
[WhiteFideId "34672591"]
[BlackFideId "34616500"]
[EventCountry "GER"]
[EventRounds "9"]
[EventType "swiss"]
[EventDate "2024.05.18"]

1. d4 {[%clk 01:30:57]} {[%emt 00:00:02]} Nf6 {[%clk 01:30:54]} {[%emt
00:00:07]} 2. c4 {[%clk 01:31:23]} {[%emt 00:00:03]} g6 {[%clk 01:31:16]}
{[%emt 00:00:09]} 3. Nc3 {[%clk 01:31:48]} {[%emt 00:00:04]} Bg7 {[%clk
01:31:40]} {[%emt 00:00:06]} 4. e4 {[%clk 01:32:13]} {[%emt 00:00:04]} d6
{[%clk 01:31:38]} {[%emt 00:00:33]} 5. f3 {[%clk 01:32:37]} {[%emt 00:00:06]}
O-O {[%clk 01:30:13]} {[%emt 00:01:55]} 6. Be3 {[%clk 01:31:44]} {[%emt
00:01:22]} Na6 {[%clk 01:19:50]} {[%emt 00:10:54]} 7. Nge2 {[%clk 01:25:52]}
{[%emt 00:06:22]} Nd7 {[%clk 01:15:32]} {[%emt 00:04:49]} 8. Qd2 {[%clk
01:22:36]} {[%emt 00:03:44]} c5 {[%clk 01:13:42]} {[%emt 00:02:21]} 9. d5
{[%clk 01:20:19]} {[%emt 00:02:48]} Nb6 {[%clk 01:08:48]} {[%emt 00:05:24]} 10.
Ng3 {[%clk 01:18:08]} {[%emt 00:02:40]} e6 {[%clk 01:07:18]} {[%emt 00:02:00]}
11. Bh6 {[%clk 01:08:11]} {[%emt 00:10:26]} exd5 {[%clk 01:02:24]} {[%emt
00:05:25]} 12. Bxg7 {[%clk 01:05:59]} {[%emt 00:02:42]} Kxg7 {[%clk 01:02:40]}
{[%emt 00:00:14]} 13. Nxd5 {[%clk 01:05:40]} {[%emt 00:00:49]} Nxd5 {[%clk
01:01:12]} {[%emt 00:01:58]} 14. Qxd5 {[%clk 01:05:05]} {[%emt 00:01:05]} Nb4
{[%clk 01:01:10]} {[%emt 00:00:32]} 15. Qd2 {[%clk 01:05:11]} {[%emt 00:00:16]}
Qa5 {[%clk 01:01:03]} {[%emt 00:00:45]} 16. Kf2 {[%clk 01:00:38]} {[%emt
00:05:03]} Qc7 {[%clk 00:59:01]} {[%emt 00:02:31]} 17. Be2 {[%clk 00:55:27]}
{[%emt 00:05:41]} Be6 {[%clk 00:56:34]} {[%emt 00:02:58]} 18. Rhd1 {[%clk
00:50:40]} {[%emt 00:05:17]} Rad8 {[%clk 00:55:02]} {[%emt 00:02:02]} 19. Qg5
{[%clk 00:39:41]} {[%emt 00:11:22]} h6 {[%clk 00:54:14]} {[%emt 00:01:25]} 20.
Qf4 {[%emt 00:11:33]} f5 {[%clk 00:51:22]} 21. a3 {[%clk 00:25:29]} {[%emt
00:07:01]} Nc2 {[%clk 00:49:12]} {[%emt 00:02:40]} 22. Rac1 {[%clk 00:25:37]}
{[%emt 00:00:22]} Nd4 {[%clk 00:49:28]} {[%emt 00:00:14]} 23. exf5 {[%clk
00:22:39]} {[%emt 00:03:28]} Bxf5 {[%clk 00:48:14]} {[%emt 00:01:44]} 24. Qe3
{[%clk 00:22:16]} {[%emt 00:00:48]} Rfe8 {[%clk 00:43:06]} {[%emt 00:05:43]}
25. Qc3 {[%clk 00:22:09]} {[%emt 00:00:36]} Kf7 {[%clk 00:40:43]} {[%emt
00:02:55]} 26. Bd3 {[%clk 00:20:23]} {[%emt 00:02:15]} Bxd3 {[%clk 00:30:05]}
{[%emt 00:11:08]} 27. Qxd3 {[%clk 00:19:21]} {[%emt 00:01:32]} Qd7 {[%clk
00:26:35]} {[%emt 00:04:00]} 28. Ne4 {[%clk 00:18:41]} {[%emt 00:01:10]} Qf5
{[%clk 00:25:53]} {[%emt 00:01:13]} 29. Re1 {[%clk 00:15:36]} {[%emt 00:03:32]}
Re6 {[%clk 00:24:34]} {[%emt 00:01:52]} 30. Re3 {[%clk 00:12:34]} {[%emt
00:03:31]} Rde8 {[%clk 00:23:33]} {[%emt 00:01:31]} 31. Rce1 {[%clk 00:12:39]}
{[%emt 00:00:24]} Qe5 {[%clk 00:18:58]} {[%emt 00:05:07]} 32. g3 {[%clk
00:10:17]} {[%emt 00:02:51]} g5 {[%clk 00:19:06]} {[%emt 00:00:22]} 33. b4
{[%clk 00:05:21]} {[%emt 00:05:26]} Nf5 {[%clk 00:16:48]} {[%emt 00:02:49]} 34.
Nxd6+ {[%clk 00:02:50]} {[%emt 00:03:00]} Qxd6 {[%clk 00:16:56]} {[%emt
00:00:22]} 35. Qxf5+ {[%clk 00:03:09]} {[%emt 00:00:11]} Kg7 {[%clk 00:15:35]}
{[%emt 00:01:51]} 36. Rxe6 {[%clk 00:03:19]} {[%emt 00:00:19]} Qd4+ {[%clk
00:15:44]} {[%emt 00:00:21]} 37. R1e3 {[%clk 00:02:15]} {[%emt 00:01:35]} Qd2+
{[%clk 00:16:03]} {[%emt 00:00:11]} 38. Re2 {[%clk 00:02:29]} {[%emt 00:00:16]}
Qd4+ {[%clk 00:16:27]} {[%emt 00:00:06]} 39. Kg2 {[%clk 00:02:46]} {[%emt
00:00:13]} Rf8 {[%clk 00:16:34]} {[%emt 00:00:23]} 40. Re7+ {[%clk 00:02:57]}
{[%emt 00:00:18]} 1-0